Quality control Japan's key to high productivity seminar

Gorde:
Xehetasun bibliografikoak
Formatua: Liburua
Hizkuntza:Undetermined
Argitaratua: Washington Sydney and Baron 1980
Gaiak:
Etiketak: Etiketa erantsi
Etiketarik gabe, Izan zaitez lehena erregistro honi etiketa jartzen!
Thư viện lưu trữ: Trung tâm Học liệu Trường Đại học Cần Thơ
LEADER 00433nam a2200157Ia 4500
001 CTU_98591
008 210402s9999 xx 000 0 und d
082 |a 658.56 
082 |b Q1 
245 0 |a Quality control Japan's key to high productivity seminar 
260 |a Washington 
260 |b Sydney and Baron 
260 |c 1980 
650 |a Quality control 
904 |i Truc 
980 |a Trung tâm Học liệu Trường Đại học Cần Thơ